书目信息 |
| 题名: |
计算机操作系统
|
|
| 作者: | 彭民德 , 肖建宇 编著 | |
| 分册: | ||
| 出版信息: | 北京 清华大学出版社 2007.10 |
|
| 页数: | 242页 | |
| 开本: | 26cm | |
| 丛书名: | ||
| 单 册: | ||
| 中图分类: | TP36 | |
| 科图分类: | ||
| 主题词: | 微型计算机 | |
| 电子资源: | ||
| ISBN: | 978-7-302-15834-9 | |
| 000 | 00660nam0 2200217 450 | |
| 001 | 0839731390 | |
| 005 | 20080228110454.50 | |
| 010 | @a978-7-302-15834-9@dCNY23.00 | |
| 100 | @a20080228d2007 km y0chiy0120 ea | |
| 101 | 0 | @achi |
| 102 | @aCN@b110000 | |
| 200 | 1 | @a计算机操作系统@Aji suan ji cao zuo xi tong@f彭民德,肖建宇编著@Fpeng min de,xiao jian yu bian zhu |
| 205 | @a2版 | |
| 210 | @a北京@c清华大学出版社@d2007.10 | |
| 215 | @a242页@d26cm | |
| 606 | 0 | @a微型计算机 |
| 690 | @aTP36@v4 | |
| 701 | 0 | @a彭民德@Apeng min de@4编著 |
| 701 | 0 | @a肖建宇@Axiao jian yu@4编著 |
| 801 | 0 | @aCN@b大连网信软件有限公司图书馆·11@c20080228 |
| 905 | @aZUCC@dTP36@eP520 | |
| 计算机操作系统/彭民德,肖建宇编著.-2版.-北京:清华大学出版社,2007.10 |
| 242页;26cm |
| ISBN 978-7-302-15834-9:CNY23.00 |
| ● |
| 相关链接 |
|
|
|
正题名:计算机操作系统
索取号:TP36/P520
 
预约/预借
| 序号 | 登录号 | 条形码 | 馆藏地/架位号 | 状态 | 备注 |
| 1 | 478453 | 204784536 | 期刊室512/ [索取号:TP36/P520] | 在馆 |